000 00255nam a22001217a 4500
008 180629b xxu||||| |||| 00| 0 eng d
041 _aeng
080 _a321
100 _a19
101 _aSHP
245 _aHandbook of NATO OTAN
_cNATO
942 _2udc
_cBK
999 _c46624
_d46624